00962nam a2200253 a 4500001001000000005001700010008004100027041000800068044000700076050002200083100004500105245009200150260005100242300001700293500006700310500004900377546002400426650005200450650005600502650003400558650004500592700002100637740005000658BRCA_845420190320210304.0021215s1977----xv-#######---#000-0#slv-# aslv axv 4aPQ6323b.C47 19771 aCervantes Saavedra, Miguel ded1547-161610aVeleumni Plemic Don Kihot iz MancecMiguel de Cervantes Saavedra ; prevedel Niko Kosir. aLiubliana, EsloveniabCankarjeva Zalozbac1977 a2 v.c20 cm. aTraducción de: El ingenioso hidalgo Don Quijote de la Mancha aLibro donado por el Dr. Ludovik Osterc, 1984 aTexto en : esloveno14aNovela españolayÉpoca clásica, 1500-170014aLiteratura españolayÉpoca clásica, 1500-170014aNovela españolaySiglo XVII14aDon Quijote (Personaje ficticio)eNovela1 aKosir, Nikoetr.0 aEl Ingenioso Hidalgo Don Quijote de la Mancha